| 000 | 00405nam a22001457a 4500 | ||
|---|---|---|---|
| 020 | _a9780071086615 | ||
| 082 | _a384 | ||
| 100 | _aMesiya, Mohammed Farooque. | ||
| 245 | _aContemporary communication systems | ||
| 260 |
_aNew York _bMcGraw-Hill _c2013. |
||
| 300 |
_axviii, 942 p. _bill. ; _e26cm. |
||
| 500 | _aIncludes bibliographical references and index. | ||
| 650 | _aTelecommunication. | ||
| 942 | _cBK | ||
| 999 |
_c12066 _d12066 |
||